[Event "Czechia KP-chTB 0607"]
[Site "Czech Republic"]
[Date "2007.03.18"]
[Round "10.6"]
[White "Kral, Pavel"]
[Black "Svoboda, Jaromir"]
[Result "0-1"]
[WhiteElo "1621"]
[BlackElo "2004"]
[PlyCount "48"]
[EventDate "2006.10.29"]
[EventType "team"]
[EventRounds "11"]
[EventCountry "CZE"]
[SourceTitle "EXT 2008"]
[Source "ChessBase"]
[SourceDate "2007.11.25"]
[SourceVersion "1"]
[SourceVersionDate "2007.11.25"]
[SourceQuality "1"]
[WhiteTeam "Benesov"]
[BlackTeam "Brodce"]
[WhiteTeamCountry "CZE"]
[BlackTeamCountry "CZE"]

1. e4 e5 2. Nc3 Nf6 3. Bc4 Bc5 4. d3 h6 5. Nf3 d6 6. h3 0-0 7. Qe2 Nc6 8. Na4 Qe7 9. Nxc5 dxc5 10. c3 Na5 11. 0-0 Nxc4 12. dxc4 b6 13. Ne1 Bb7 14. f3 Rad8 15. Be3 Nh5 16. Kh2 Qh4 17. Rf2 Bc8 18. Rd1 Bxh3 19. Rxd8 Rxd8 20. Kg1 Be6 21. Qc2 Bxc4 22. b3 Ba6 23. c4 Nf4 24. Rd2 Qxe1+ 0-1